ਜਾਂਚ ਕਮਿਸ਼ਨ / (Record no. 88095)

MARC details
000 -LEADER
fixed length control field 00968nam a22002657a 4500
005 - DATE AND TIME OF LATEST TRANSACTION
control field 20180213141418.0
008 - FIXED-LENGTH DATA ELEMENTS--GENERAL INFORMATION
fixed length control field 090728t xxu||||| |||| 00| 0 pun d
010 ## - LCCN (DPL NO)
LC control number PUN- B-577983-986 B-669949
020 ## - INTERNATIONAL STANDARD BOOK NUMBER
Terms of availability 150.00
International Standard Book Number 9788126042906
035 ## - SYSTEM CONTROL NUMBER
System control number PN- B-577983-986
035 ## - SYSTEM CONTROL NUMBER
System control number B-669949
037 ## - SOURCE OF ACQUISITION
Source of stock number/acquisition DBAD / PUB
037 ## - SOURCE OF ACQUISITION
Source of stock number/acquisition Sahitya akademi
037 ## - SOURCE OF ACQUISITION
Source of stock number/acquisition BPPD/Ven/KBD
040 ## - CATALOGING SOURCE
Original cataloging agency dpl
Language of cataloging pn
082 ## - DEWEY DECIMAL CLASSIFICATION NUMBER
Classification number
100 ## - MAIN ENTRY--PERSONAL NAME
Personal name ਕੰਦਸਾਮੀ,ਸ.
245 ## - TITLE STATEMENT
Title ਜਾਂਚ ਕਮਿਸ਼ਨ /
Statement of responsibility, etc ਕੰਦਸਾਮੀ,ਸ
246 ## - VARYING FORM OF TITLE
Title proper/short title Jaanch commission
Remainder of title by Kandasami, S
260 ## - PUBLICATION, DISTRIBUTION, ETC. (IMPRINT)
Place of publication, distribution, etc New delhi
Name of publisher, distributor, etc Sahitya Prakashan
Date of publication, distribution, etc 2014
270 ## - ADDRESS
City New Delhi
Address 35, ਫ਼ਿਰੋਜ਼ਸ਼ਾਹ ਮਾਰਗ ਨਈ ਦਿੱਲੀ
Postal code 110001
300 4# - PHYSICAL DESCRIPTION
Extent 196p.
Dimensions 22ਸੇਂਮੀ (ਸਜਿਲੱਦ)
942 ## - ADDED ENTRY ELEMENTS (KOHA)
Source of classification or shelving scheme Dewey Decimal Classification
Item type Punjabi Bks
Classification part
Call number suffix ਕੰਦਸਾ
Holdings
Withdrawn status Lost status Source of classification or shelving scheme Damaged status Not for loan Collection code Home library Current library Date acquired Source of acquisition Cost, normal purchase price Total Checkouts Full call number Date last seen Copy number Cost, replacement price Koha item type Total Renewals Barcode
    Dewey Decimal Classification     Fiction Ashok Vihar Ashok Vihar 30/01/2018 BPPD/PUN/AV/2016-17/1179/7-3-17 150.00   ਓ ਕੰਦਸਾ 30/01/2018 1 150.00 Punjabi Bks   B-669949
    Dewey Decimal Classification     Fiction Central Library Central Library 10/09/2015 BPPD/165/27-8-15/BL26/13-9-15/8-10-15 150.00 1 ਓ ਕੰਦਸਾ 27/05/2024 1 150.00 Punjabi Bks 1 B-577983
    Dewey Decimal Classification     Fiction D.B.Act.Division D.B.Act.Division 29/08/2014 DBAD 150.00   ਓ ਕੰਦਸਾ 29/08/2014 1 150.00 Punjabi Bks    
    Dewey Decimal Classification     Fiction Janak Puri Janak Puri 10/09/2015 BPPD/165/27-8-15/BL26/13-9-15/8-10-15 150.00   ਓ ਕੰਦਸਾ 10/09/2015 1 150.00 Punjabi Bks   B-577985
    Dewey Decimal Classification     Fiction Patel Nagar Patel Nagar 10/09/2015 BPPD/165/27-8-15/BL26/13-9-15/8-10-15 150.00   ਓ ਕੰਦਸਾ 10/09/2015 1 150.00 Punjabi Bks   B-577984
    Dewey Decimal Classification     Fiction Sarojini Nagar Sarojini Nagar 10/09/2015 BPPD/165/27-8-15/BL26/13-9-15/8-10-15 150.00   ਓ ਕੰਦਸਾ 10/09/2015 1 150.00 Punjabi Bks   B-577986

© Delhi Public Library
Hit Counter
free hit counter